[Event "Maastricht Limburg op-C 8th"]
[Site "Maastricht"]
[Date "2014.06.06"]
[Round "1"]
[White "Beusen, Frank"]
[Black "Merz, Jean Philippe"]
[Result "1/2-1/2"]
[WhiteElo "1433"]
[BlackElo "1690"]
[PlyCount "96"]
[EventDate "2014.06.06"]
[EventType "swiss"]
[EventRounds "7"]
[EventCountry "NED"]
[SourceTitle "EXT 2015"]
[Source "ChessBase"]
[SourceDate "2014.11.20"]
[SourceVersion "1"]
[SourceVersionDate "2014.11.20"]
[SourceQuality "1"]

1. d4 d5 2. c4 c6 3. e3 Nf6 4. Nc3 Bf5 5. cxd5 cxd5 6. Bd3 Bxd3 7. Qxd3 Nc6 8. Nf3 e6 9. 0-0 a6 10. a3 Bd6 11. Rd1 Qc7 12. h3 h6 13. e4 dxe4 14. Nxe4 Nxe4 15. Qxe4 0-0-0 16. Be3 Rhe8 17. Rac1 Kb8 18. Ne5 Bxe5 19. dxe5 Rxd1+ 20. Rxd1 g5 21. f4 gxf4 22. Bxf4 Qb6+ 23. Be3 Qxb2 24. Bxh6 Rg8 25. g4 Nxe5 26. Bf4 f6 27. Re1 Ka8 28. Bxe5 fxe5 29. Qxe5 Qxa3 30. Re3 Qc1+ 31. Kh2 Qf1 32. Kg3 Qg1+ 33. Kh4 Qf2+ 34. Rg3 Qf8 35. g5 Rh8+ 36. Kg4 Qb4+ 37. Qf4 Rh4+ 38. Kxh4 Qxf4+ 39. Rg4 Qf7 40. g6 Qg7 41. Kg5 Kb8 42. Rh4 Qe5+ 43. Kh6 Qf6 44. Rh5 Kc8 45. Kh7 Kd8 46. g7 Qf7 47. Rh6 Qf5+ 48. Kh8 Qe5 1/2-1/2

[Event "SVR-op 34th"]
[Site "Reil"]
[Date "2011.04.21"]
[Round "4"]
[White "Doetsch, Dorothee"]
[Black "Merz, Jean Philippe"]
[Result "0-1"]
[WhiteElo "1500"]
[BlackElo "1269"]
[PlyCount "90"]
[EventDate "2011.04.16"]
[EventType "swiss"]
[EventRounds "7"]
[EventCountry "GER"]
[SourceTitle "EXT 2013"]
[Source "ChessBase"]
[SourceDate "2012.11.22"]
[SourceVersion "1"]
[SourceVersionDate "2012.11.22"]
[SourceQuality "1"]

1. d4 d5 2. c4 c6 3. Nc3 Nf6 4. Nf3 dxc4 5. Bg5 Bf5 6. e3 b5 7. Be2 h6 8. Bh4 Nbd7 9. 0-0 Qa5 10. Re1 e6 11. a3 Be7 12. h3 0-0 13. Bf1 Rfe8 14. e4 Bh7 15. e5 Nd5 16. Nxd5 cxd5 17. Bg3 Qb6 18. Nh4 a5 19. Qg4 Nf8 20. Re3 Bg5 21. Bf4 Qxd4 22. g3 Ng6 23. Nxg6 Bxg6 24. h4 Bxf4 25. gxf4 Bf5 26. Qg3 b4 27. Bh3 Bxh3 28. Qxh3 Qxf4 29. Rae1 Qf5 30. Qg2 Rab8 31. Rg3 Qh7 32. Kh2 Kh8 33. Rg1 Rg8 34. Qf3 g6 35. Qf6+ Qg7 36. Qf4 Rbc8 37. Qe3 c3 38. axb4 axb4 39. bxc3 Rxc3 40. Qf4 Rxg3 41. Rxg3 Rb8 42. Rb3 Kh7 43. Qe3 Qf8 44. f4 Ra8 45. Kg3 Ra3 0-1

[Event "SVR-op 34th"]
[Site "Reil"]
[Date "2011.04.16"]
[Round "1"]
[White "Merz, Jean Philippe"]
[Black "Anetsberger, Carlos"]
[Result "0-1"]
[WhiteElo "1269"]
[BlackElo "1685"]
[PlyCount "90"]
[EventDate "2011.04.16"]
[EventType "swiss"]
[EventRounds "7"]
[EventCountry "GER"]
[SourceTitle "EXT 2013"]
[Source "ChessBase"]
[SourceDate "2012.11.22"]
[SourceVersion "1"]
[SourceVersionDate "2012.11.22"]
[SourceQuality "1"]

1. e4 c5 2. Nc3 e6 3. Bc4 a6 4. a3 b5 5. Ba2 Bb7 6. d3 Nf6 7. Bg5 d6 8. f4 Nbd7 9. Nf3 Be7 10. Ne2 0-0 11. 0-0 Rc8 12. Ng3 c4 13. Rc1 Re8 14. Qe2 Qc7 15. d4 e5 16. fxe5 dxe5 17. c3 h6 18. Bxf6 Bxf6 19. Bb1 Qb6 20. Rcd1 exd4 21. Nxd4 Ne5 22. Nh5 Bg5 23. Kh1 g6 24. Ng3 Rcd8 25. Nf3 Rxd1 26. Rxd1 Nxf3 27. Qxf3 Qe6 28. Qf2 Bh4 29. Rf1 Re7 30. Qf3 Bxg3 31. hxg3 Kg7 32. Re1 f5 33. Qe3 fxe4 34. Rf1 Qe5 35. Rf4 Qh5+ 36. Rh4 Qd1+ 37. Kh2 g5 38. Rxe4 Bxe4 39. Bxe4 Qd3 40. Qxd3 cxd3 41. Bxd3 Re1 42. c4 Rd1 43. cxb5 Rxd3 44. bxa6 Rd6 45. a7 Ra6 0-1